WW2 Quiz - Statistics

General Stats
  • This quiz has been taken 36 times
  • The average score is 4 of 13
Answer Stats
Hint Answer % Correct
What was the name of the operation by Germany to invade the Soviet Union? Operation Barbarossa
80%
Who was the Desert Fox? Erwin Rommel
69%
What was the name of the paramilitary organization within the German state? SS
49%
Who was the commander of the German Air Force? Hermann Goring
40%
Who was one of the Soviet's most famous marshals? Georgy Zhukov
31%
What was the name of the German Army(regular army)? Wehrmacht
29%
What was the name of the pact signed between Germany, Italy and Japan? Tripartite Pact
20%
Who was the Minister of Propaganda in Germany? Joseph Goebells
14%
What was the name of the pact signed between Germany and the USSR? Pact of Steel
11%
The only German general to ever surrender. Friedrich Paulus
9%
Who was the architect of blitzkrieg? Heinz Guderian
6%
What was the name of the operation by the U.S. to get scientists from Germany to help work on various types of technologies? Operation Paperclip
6%
Who was the commander in chief of the RAF fighter command? Sir Hugh Dowding
6%
No matching quizzes found
Score Distribution
Percent of People with Each Score
Percentile by Number Answered
Your Score History
You have not taken this quiz